مكتبة جامعة عجلون الوطنية

فهرس بحث المكتبة

تخطيط وتصميم وادارة نظم الري الحقلي = Planning Design and Management of Field Irrigation Systems / (Record no. 33199)

MARC details
000 -LEADER
fixed length control field 00923nam a22002177a 4500
003 - CONTROL NUMBER IDENTIFIER
control field JO-AjAnu
005 - DATE AND TIME OF LATEST TRANSACTION
control field 20231129124332.0
008 - FIXED-LENGTH DATA ELEMENTS--GENERAL INFORMATION
fixed length control field 231129b jo ||||| |||| 00| 0 ara d
020 ## - INTERNATIONAL STANDARD BOOK NUMBER
International Standard Book Number 978977393144X
040 ## - CATALOGING SOURCE
Original cataloging agency JO-AjAnu
Language of cataloging ARA
Transcribing agency JO-AjAnu
Modifying agency JO-AjAnu
041 #0 - LANGUAGE CODE
Language code of text/sound track or separate title ARA
Language code of original ARA
050 ## - LIBRARY OF CONGRESS CALL NUMBER
Classification number TC812.
Item number I8582 2020
100 #1 - MAIN ENTRY--PERSONAL NAME
Personal name اسماعيل، سمير محمد
9 (RLIN) 64551
Relator term مؤلف
245 #0 - TITLE STATEMENT
Title تخطيط وتصميم وادارة نظم الري الحقلي = Planning Design and Management of Field Irrigation Systems /
Statement of responsibility, etc. سمير محمد اسماعيل
250 ## - EDITION STATEMENT
Edition statement الطبعة الثالثة
260 ## - PUBLICATION, DISTRIBUTION, ETC.
Place of publication, distribution, etc. الاسكندرية :
Name of publisher, distributor, etc. مكتبة بستان المعرفة،
Date of publication, distribution, etc. 2020
300 ## - PHYSICAL DESCRIPTION
Extent 526 صفحة
500 ## - GENERAL NOTE
General note يحتوي على قائمة بالمراجع باللغتين العربية والانجليزية
650 40 - SUBJECT ADDED ENTRY--TOPICAL TERM
Topical term or geographic name entry element الزراعة-الري
9 (RLIN) 64552
Form subdivision الزراعة-الري
942 ## - ADDED ENTRY ELEMENTS (KOHA)
Source of classification or shelving scheme Library of Congress Classification
Koha item type Books
Suppress in OPAC No
Holdings
Withdrawn status Lost status Source of classification or shelving scheme Damaged status Not for loan Home library Current library Date acquired Total Checkouts Full call number Barcode Date last seen Price effective from Koha item type
    Library of Congress Classification     مكتبة جامعة عجلون الوطنية مكتبة جامعة عجلون الوطنية 29/11/2023   TC812.I8582 2020 A29654 29/11/2023 29/11/2023 Books
    Library of Congress Classification     مكتبة جامعة عجلون الوطنية مكتبة جامعة عجلون الوطنية 29/11/2023   TC812.I8582 2020 A29655 29/11/2023 29/11/2023 Books